Countries Without the Letters in "QATAR" - Statistics

General Stats
  • This quiz has been taken 11 times
    4 since last reset
  • The average score is 4 of 11
Answer Stats
Continents Countries % Correct
South America Chile
75%
North America Mexico
50%
Europe Belgium
25%
North America Belize
25%
Africa Benin
25%
Oceania Fiji
25%
Europe Kosovo
25%
Asia Philippines
25%
Africa Seychelles
25%
Europe Sweden
25%
Asia Yemen
25%
No matching quizzes found
Score Distribution
Percent of People with Each Score
Percentile by Number Answered
Your Score History
You have not taken this quiz since the last reset